000 00511nam a2200157 i 4500
001 82911
003 ES-MaACL
005 20230906174742.0
007 t|
008 041112s1978 sp ||||1| spa d
245 0 0 _aEncuesta de fecundidad
_b: (diciembre, 1977) : metodología y resultados /
_cInstituto Nacional de Estadística.
260 _aMadrid :
_b[s.n.],
_c1978.
300 _a227, 22 p. ;
_c29 cm.
710 2 _aInstituto Nacional de Estadística (España)
_95162
852 _aES-MaACL
_jA-8381
_bR.97959
999 _c82911
_d82911